000 00499cam a2200169ua 4500
020 _c150.00
041 _aeng
_h
082 _a027.006
_bCOR/FU
100 _aCorbett, Edmund Victor .
245 _aFundamentals of library organization and administration: A practical guide /
_cEdmund Victor Corbett.
_hTextual Documents
260 _aNew Delhi :
_bOxford & IBH Publishing company ,
_c1979.
300 _a292 ; .
365 _a150.00
504 _a
942 _cBK
999 _c9037
_d9037